LEADER 00943nam0 22002531i 450 001 RML0298935 005 20231121125741.0 100 $a20121121f ||||0itac50 ba 101 | $afre 102 $ach 181 1$6z01$ai $bxxxe 182 1$6z01$an 200 1 $a˜L' œinvention et l'écriture$edans la Torpille d'Honoré de Balzac avec le texte inèdit du manuscrit original$fJean Pommier 210 $aGenève $cLibrairie Droz , 195 215 $a248 p.$d23 cm 700 1$aPommier$b, Jean$3RMLV181750$0172889 801 3$aIT$bIT-01$c20121121 850 $aIT-FR0017 899 $aBiblioteca umanistica Giorgio Aprea$bFR0017 912 $aRML0298935 950 0$aBiblioteca umanistica Giorgio Aprea$d 52CIS 3/323$e 52VM 0000688085 VM barcode:67096-10. - Inventario:3716 FLSVM$fA $h20070521$i20121204 977 $a 52 996 $aInvention et l'écriture$93629476 997 $aUNICAS